000 01301cam a2200265 4500
001 ABS65186
008 020308n2002 000 0 eng u
035 _a(Sirsi) u117059
100 _aCounsell, D.
245 _aSustainability appraisal - delivering more sustainable regional planning guidance
260 _c2002
490 _aTown & Country Planning
_v71(1) January 2002, 14-17(4)
520 _aReports on findings of recent research on effectiveness of sustainability appraisal of regional planning guidance. Discusses the fact that sustainability appraisal is a method of policy appraisal which aims to ensure consideration of sustainable development objectives is ingrained in all stages of the strategy-making process. Concentrates on application of SA within regional planning guidance process, looking at practical applications, methodologies, use of SA in public examinations, and SA as device for integated decision-making.
590 _aABS
650 _aPLANNING GUIDANCE
650 _aSustainability
_96271
650 _aENVIRONMENTAL APPRAISAL
650 _aREGIONAL PLANNING GUIDANCE
650 _aPPG11
650 _aSURVEYS
650 _aRESEARCH
690 _aENVIRONMENTAL AND LAND CONSULTANCY-PLANNING AND DEVELOPMENT
700 _aHaughton, G.
942 _n0
999 _c69744
_d69744